| 000 | 01102nam a2200265 a 4500 | ||
|---|---|---|---|
| 001 | 00001236 | ||
| 003 | DO-SdBNP | ||
| 005 | 20250701124114.0 | ||
| 007 | 00001236 | ||
| 008 | 110429s2009 dr 000 spa d | ||
| 040 |
_aBPMSU _bspa _cBPMSU |
||
| 082 | 4 |
_aA863.08 _bD449g 2009 _222 |
|
| 245 | 0 | 0 |
_aDesde un girasol : _bantología de cuentos del Caribe/ _cedición Thelma Jiménez ; |
| 260 |
_aSanto Domingo : _bEdiciones Ferilibro, _c2009. |
||
| 300 |
_a69 p. ; _bil. _c24 cm. |
||
| 505 | 0 | _aPiscilandia / Dinorah Coronado -- Un pollito de granja / Rafael Peralta Romero -- El dragón que quería ser bombero / Luis Caissés Sánchez -- La abuela extraterrestre / Olga Rodríguez Colón -- El rey coquí / Ángel Herdz -- La metamorfosis de Isabel / José H. Cáez-Romero. | |
| 590 | _aInventariado, 2025/VM | ||
| 650 | 4 |
_a Cuentos infantiles dominicanos _v |
|
| 650 | 4 | _a Cuentos infantiles cubanos | |
| 650 | 4 | _a Cuentos infantiles puertorriqueños | |
| 651 | 4 |
_aCaribe (Región) _vCuentos. |
|
| 700 | 1 |
_aJiménez, Thelma _8 |
|
| 910 | _aVMateo V. Control de calidad. BPMSU | ||
| 942 |
_2ddc _cBK |
||
| 999 |
_c7883 _d7883 |
||